000 00339nam a2200133Ia 4500
005 20260328101456.0
008 260328s9999||||xx |||||||||||||| ||und||
100 _aPehnt, Wolfgang
245 0 _aArcgitekturzeichnungen des expressionnismus /
_cWolfgang Pehnt
260 _bHatje
300 _a115 p.
650 _aDIBUJO LIBRE
942 _cBK
999 _c8830
_d8830